Adventures in management: (Record no. 16987)

MARC details
000 -LEADER
fixed length control field 00742nam a22002057a 4500
005 - DATE AND TIME OF LATEST TRANSACTION
control field 20081020092914.0
008 - FIXED-LENGTH DATA ELEMENTS--GENERAL INFORMATION
fixed length control field 081020t xxu||||| |||| 00| 0 eng d
010 ## - LIBRARY OF CONGRESS CONTROL NUMBER
LC control number ENG-84020
020 ## - INTERNATIONAL STANDARD BOOK NUMBER
International Standard Book Number 8178297095
020 ## - INTERNATIONAL STANDARD BOOK NUMBER
Terms of availability 320.00 (pbk)
035 ## - SYSTEM CONTROL NUMBER
System control number EN-67553
082 ## - DEWEY DECIMAL CLASSIFICATION NUMBER
Classification number 658.409
100 ## - MAIN ENTRY--PERSONAL NAME
Personal name Abeywickrama, Kenneth
245 ## - TITLE STATEMENT
Title Adventures in management:
Remainder of title a saga of managing in a developing country /
Statement of responsibility, etc by Kenneth Abeywickrama
260 ## - PUBLICATION, DISTRIBUTION, ETC. (IMPRINT)
Place of publication, distribution, etc New Delhi
Name of publisher, distributor, etc Response Books
260 ## - PUBLICATION, DISTRIBUTION, ETC. (IMPRINT)
Date of publication, distribution, etc 2007
300 ## - PHYSICAL DESCRIPTION
Extent 224p
Dimensions 22cm (pbk)
942 ## - ADDED ENTRY ELEMENTS (KOHA)
Source of classification or shelving scheme Dewey Decimal Classification
Koha item type English Books
Classification part 658.409
Call number suffix ABE
Holdings
Withdrawn status Lost status Source of classification or shelving scheme Damaged status Not for loan Collection code Home library Current library Date acquired Cost, normal purchase price Total Checkouts Full call number Barcode Date last seen Copy number Cost, replacement price Price effective from Koha item type
    Dewey Decimal Classification   Not For Loan Non-fiction D.B.Act.Division D.B.Act.Division 22/02/2007 320.00   658.409 ABE EN-67553 21/10/2008 1 320.00 21/10/2008 English Books

© Delhi Public Library
Hit Counter
free hit counter